CONGENITAL INSTRAUTERINE TORCH INFECTIONS / (Record no. 796200)

MARC details
000 -LEADER
fixed length control field 00453pam a2200169 a 4500
020 ## - INTERNATIONAL STANDARD BOOK NUMBER
International Standard Book Number 8180612139
Terms of availability 300
041 ## - LANGUAGE CODE
Language code of text/sound track or separate title asm
Language code of original asm
082 ## - DEWEY DECIMAL CLASSIFICATION NUMBER
Classification number 618.2/DEK
Item number DEK
100 ## - MAIN ENTRY--PERSONAL NAME
Personal name DEKA , D .
245 ## - TITLE STATEMENT
Title CONGENITAL INSTRAUTERINE TORCH INFECTIONS /
Statement of responsibility, etc. NULL.
Medium Textual Documents
260 ## - PUBLICATION, DISTRIBUTION, ETC.
Place of publication, distribution, etc. NULL :
Name of publisher, distributor, etc. JAYPEE BROTHERS MEDICAL PUB. ,
Date of publication, distribution, etc. 2004.
300 ## - PHYSICAL DESCRIPTION
Extent 297 :
Other physical details XV ;
Dimensions A4 .
365 ## - TRADE PRICE
Price type code 300
650 ## - SUBJECT ADDED ENTRY--TOPICAL TERM
Topical term or geographic name entry element OBST.GYNE
930 ## - EQUIVALENCE OR CROSS-REFERENCE-UNIFORM TITLE HEADING [LOCAL, CANADA]
Uniform title 1664
Holdings
Withdrawn status Lost status Damaged status Not for loan Collection Home library Current library Date acquired Cost, normal purchase price Total Checkouts Full call number Barcode Date due Date last seen Date last checked out Copy number Price effective from Koha item type
          Medical College & Hospital, Sangli Medical College & Hospital, Sangli 28/11/2011 300.00 1 618.2/DEK DEK MCS-4285 01/10/2043 06/10/2023 06/10/2023 1 26/07/2023 Book